000 00736nam a2200253 a 4500
001 BRCA_7757
005 20190320205958.0
008 120913s1922----gw-a######---#000-0#ger-#
041 _ager
044 _agw
050 4 _aND666
_b.O43 1922
100 1 _aOldenbourg, Rudolf
_919197
245 1 0 _aDie Flamische Malerei des XVII Jahrhunderts
_cR. Oldenbourg.
260 _aBerlín
_bW. De Gruyter
_c1922
300 _a211 p.
_bil., 93 láminas
_c21 cm.
440 0 _aHandbucher der Staatlichen Museen zu Berlin
_919198
500 _aU111
504 _aBibliografía p. 205-206
650 1 4 _aPintura flamenca
_919199
650 1 4 _aPintores flamencos
_97571
650 1 4 _aPintura
_xHistoria
_919200
902 _aGFM
942 _2lcc
_cB
999 _c7431
_d7431